000 006390000a22001810004500
090 _aAR
_b02597
245 1 0 _aEffects of rain forest disturbance and fragmentation: comparative changes of the raptor community along natural and human-made gradients in french Guiana
650 1 4 _aDegradación del hábitat
_995076
650 1 4 _aDeforestación
_9266
650 1 4 _aAves
_992429
650 1 4 _aUso del hábitat
_93825
651 4 _pGuyana francesa
_992749
041 0 _aInglés
700 1 _aThiollay, Jean Marc
_996102
100 1 _aJullien, Mathilde de
_996103
942 _cARTICULO
773 1 _tJournal of Biogeography
_3248
_h23
_q7-25
_d1996
999 _c11661
_d11661